Variance function estimation by an empirical Bayes approach /

Bibliographic Details
Main Author: Hwang, Lie-Ju, 1957- (Author)
Corporate Author: United States. Air Force. Office of Scientific Research (sponsoring body.)
Format: Book
Language:English
Published: College Station, Texas : Department of Statistics, Texas A & M University, 1990.
Series:Technical report (Texas A & M University. Department of Statistics) ; no. 126.
Subjects:

MARC

Tag First Indicator Second Indicator Subfields
LEADER 00000nam a2200000Ii 4500
001 in00004016021
005 20180410114952.0
008 180410s1990 txua b s000 0 eng d
035 |a (OCoLC)on1030961609 
040 |a TXA  |b eng  |e rda  |c TXA 
035 |a (OCoLC)1030961609 
050 4 |a QA276.A12  |b T4 no.126 
049 |a TXAM 
100 1 |a Hwang, Lie-Ju,  |d 1957-  |e author. 
245 1 0 |a Variance function estimation by an empirical Bayes approach /  |c L.J. Hwang. 
264 1 |a College Station, Texas :  |b Department of Statistics, Texas A & M University,  |c 1990. 
300 |a 13 leaves, 2 unnumbered leaves :  |b illustrations ;  |c 28 cm 
336 |a text  |b txt  |2 rdacontent 
337 |a unmediated  |b n  |2 rdamedia 
338 |a volume  |b nc  |2 rdacarrier 
490 1 |a Technical report ;  |v no. 126 
500 |a "This research forms part of the first author's Ph.D. thesis completed under the supervision of R.J. Carroll at Texas A&M University, and supported in part by a grant from the Air Force Office of Scientific Research"--Leaf 11. 
504 |a Includes bibliographical references (leaf 13). 
536 |a Air Force Office of Scientific Research 
650 0 |a Estimation theory  |x Asymptotic theory. 
650 0 |a Bayesian statistical decision theory. 
650 0 |a Regression analysis. 
650 0 |a Mathematical statistics. 
653 0 |a Robust inference 
653 0 |a Variance function estimation 
710 2 |a Texas A & M University.  |b Department of Statistics,  |e issuing body. 
710 1 |a United States.  |b Air Force.  |b Office of Scientific Research,  |e sponsoring body. 
775 0 8 |i Revised as:  |a Hwang, Lie-Ju, 1957-  |t Empirical Bayes approach to variance function estimation.  |d 1990  |w (OCoLC)23747902 
830 0 |a Technical report (Texas A & M University. Department of Statistics) ;  |v no. 126. 
948 |a cataloged  |b h  |c 2018/04/10  |d o  |e zdobbs  |f 11:49:39 am 
994 |a C0  |b TXA 
999 f f |s d7a0517a-3871-3bf5-b5d1-44589f482b1f  |i 77789777-0363-373d-94db-da3f03557b13  |t 0 
952 f f |p noncirc  |a Texas A&M University  |b College Station  |c Cushing Memorial Library & Archives  |d Cushing: Texas A&M Publications (Remote Storage: 2-3 day retrieval)  |t 0  |e QA276.A12 T4 no.126  |h Library of Congress classification  |i unmediated -- volume 
998 f f |a QA276.A12 T4 no.126  |t 0  |l Cushing: Texas A&M Publications (Remote Storage: 2-3 day retrieval)